K otázke experimentu

Bibliographic Details
Main Author: Kresánek, Jozef, 1913-1986 (Author)
Format: Article
Language:Slovak

MARC

LEADER 00000nab a2200000uu 4500
001 vtls010883472
003 SK-MaSNL
005 20260303145056.0
008 230222|1961 xo |||||||||||||||||slo|
015 |a SNBRB 
035 |a (urnnbn)urn:nbn:sk:snk:ar-0025ie 
035 |a (uuid)056a6d36-edc4-4de8-8fa2-ce514aa1afb2 
035 |a urn:nbn:sk:snk-ab8ezr 
040 |a SNKBUCL  |b slo  |c SNKBUCL  |e AACR2 
041 0 |a slo 
044 |a xo  |c SK 
100 1 |a Kresánek, Jozef,  |d 1913-1986  |4 aut  |9 40266 
245 1 0 |a K otázke experimentu  |c Jozef Kresánek 
773 0 |t Slovenská hudba : revue pre hudobnú kultúru  |g Roč. 5, č. 10 (1961), s. 422-423 
954 |a odborná, vedecká literatúra pôvodná (slovenská)  |2 lita 
958 |a OND 
958 |a EUIPO 
958 |a article10 
999 |c 2000277  |d 2002207